000 00830nam a22001817a 4500
999 _c371576
_d371576
008 201127b ||||| |||| 00| 0 eng d
040 _aDE-2950
_bger
_cDE-2950
_erda
041 _ager
245 _aStreit blockiert Entwicklung am Ostsee.
_bKlimawandel: Die Frankfurter Wasserbetriebe klagen vor dem höchsten Europäischen Gericht gegen das künstliche Gewässer in Cottbus. Bis ein Urteil in Luxemburg fällt, liegen deshalb hier wichtige Entscheidungen auf Eis/
_cPeggy Kompalla
264 _c2022
653 _aFrankfurt (Oder)
653 _agefährdete Trinkwasserversorgung
773 _dFrankfurt (Oder) Märkisches Verlags- und Druckhaus GmbH & Co KG
_tMärkische Oderzeitung
_g33. Jahrgang (2022) Nr. 86 vom 12.04.2022, S. 17
942 _cA